Sports Quiz

Random Sports Quiz

2016 NCAA Individual Wrestling Champions (Copy) Quiz Stats

Quiz not verified by Sporcle

Challenge
Share
Tweet
Embed
Score 0/10 Timer 03:00
0 Plays Today
Weight Class Wrestler % Correct
157 PoundsIsaiah Martinez
83.3%
174 PoundsMyles Martin
83.3%
197 PoundsJ'Den Cox
83.3%
125 PoundsNico Megaludis
66.7%
149 PoundsZain Retherford
66.7%
184 PoundsGabe Dean
66.7%
285 PoundsKyle Snyder
66.7%
141 PoundsDean Heil
50%
133 PoundsNahshon Garrett
33.3%
165 PoundsAlex Dieringer
33.3%

You're not logged in!

Compare scores with friends on all Sporcle quizzes.
Join for Free
OR
Log In

You Might Also Like...

Show Comments

Extras

Top Quizzes Today


Score Distribution

Your Account Isn't Verified!

In order to create a playlist on Sporcle, you need to verify the email address you used during registration. Go to your Sporcle Settings to finish the process.

Report this User

Report this user for behavior that violates our Community Guidelines.

Details: